[Event "MPA 1820 2024"]
[Site "Sianozety"]
[Date "2024.04.12"]
[Round "1.8"]
[White "Haluja, Wiktor"]
[Black "Baj, Lukasz"]
[Result "1-0"]
[BlackElo "1614"]
[WhiteElo "1756"]
[LiveChessVersion "1.4.4"]

1. e4 {[%clk 1:30:57]} c5 {[%clk 1:30:52]} 2. Nf3 {[%clk 1:31:22]} e6
{[%clk 1:31:01]} 3. d4 {[%clk 1:31:46]} cxd4 {[%clk 1:31:21]} 4. Nxd4
{[%clk 1:32:15]} Nc6 {[%clk 1:31:33]} 5. Nc3 {[%clk 1:32:38]} a6 {[%clk 1:31:36]}
6. Bf4 {[%clk 1:29:26]} d6 {[%clk 1:26:07]} 7. Bg3 {[%clk 1:27:16]} Nf6
{[%clk 1:22:09]} 8. Nxc6 {[%clk 1:27:33]} bxc6 {[%clk 1:22:27]} 9. e5
{[%clk 1:27:40]} Nd5 {[%clk 1:14:33]} 10. exd6 {[%clk 1:21:33]} Bxd6
{[%clk 1:11:40]} 11. Ne4 {[%clk 1:16:21]} Bxg3 {[%clk 0:53:14]} 12. hxg3
{[%clk 1:13:36]} O-O {[%clk 0:42:43]} 13. Qh5 {[%clk 0:55:10]} h6
{[%clk 0:42:37]} 14. O-O-O {[%clk 0:53:59]} Qe7 {[%clk 0:34:10]} 15. Qe5
{[%clk 0:50:41]} f5 {[%clk 0:24:32]} 16. Nc3 {[%clk 0:47:23]} Bd7
{[%clk 0:22:54]} 17. Bc4 {[%clk 0:42:28]} Qc5 {[%clk 0:13:27]} 18. Nxd5
{[%clk 0:34:52]} cxd5 {[%clk 0:12:24]} 19. Rxd5 {[%clk 0:34:11]} Qxc4
{[%clk 0:08:02]} 20. Rxd7 {[%clk 0:34:22]} Rf7 {[%clk 0:07:54]} 21. b3
{[%clk 0:24:18]} Qc6 {[%clk 0:07:35]} 22. Rxf7 {[%clk 0:24:39]} Kxf7
{[%clk 0:07:52]} 23. Rd1 {[%clk 0:24:28]} Rc8 {[%clk 0:05:23]} 24. c4
{[%clk 0:24:18]} a5 {[%clk 0:04:29]} 25. Rd6 {[%clk 0:22:46]} Qe8
{[%clk 0:01:46]} 26. Qxa5 {[%clk 0:19:55]} Qe7 {[%clk 0:01:34]} 27. Qe5
{[%clk 0:19:16]} Rd8 {[%clk 0:01:29]} 28. c5 {[%clk 0:17:11]} Re8
{[%clk 0:00:40]} 29. Qd4 {[%clk 0:16:01]} Qg5+ {[%clk 0:00:35]} 30. Qd2
{[%clk 0:16:25]} Qf6 {[%clk 0:01:00]} 31. Qd4 {[%clk 0:15:39]} Qg5+
{[%clk 0:01:13]} 32. Kb2 {[%clk 0:15:56]} Qf6 {[%clk 0:01:02]} 33. Rd7+
{[%clk 0:16:07]} Kg6 {[%clk 0:01:10]} 34. Qxf6+ {[%clk 0:16:26]} Kxf6
{[%clk 0:01:33]} 35. c6 {[%clk 0:16:12]} Rc8 {[%clk 0:01:56]} 36. c7
{[%clk 0:16:34]} g5 {[%clk 0:01:49]} 37. b4 {[%clk 0:16:56]} e5 {[%clk 0:02:07]}
38. b5 {[%clk 0:16:50]} Ke6 {[%clk 0:02:33]} 39. Rh7 {[%clk 0:17:07]} Kd6
{[%clk 0:02:48]} 40. Rxh6+ {[%clk 0:17:02]} Kxc7 {[%clk 0:03:15]} 41. Rc6+
{[%clk 0:17:23]} Kb7 {[%clk 0:03:25]} 42. Rxc8 {[%clk 0:17:48]} Kxc8
{[%clk 0:03:53]} 43. Kc3 {[%clk 0:17:54]} 1-0

[Event "MPA 1820 2024"]
[Site "Sianozety"]
[Date "2024.04.12"]
[Round "1.9"]
[White "Bzowski, Grzegorz"]
[Black "Kupiak, Sylwester"]
[Result "0-1"]
[BlackElo "1747"]
[WhiteElo "1613"]
[LiveChessVersion "1.4.4"]

1. d4 Nf6 2. c4 e5 {[%clk 1:29:18]} 3. dxe5 {[%clk 1:30:17]} Ng4 {[%clk 1:29:27]}
4. Nf3 Nc6 {[%clk 1:29:37]} 5. Bf4 {[%clk 1:29:19]} Bb4+ 6. Nbd2 Qe7
{[%clk 1:29:48]} 7. a3 {[%clk 1:28:16]} Ngxe5 {[%clk 1:27:39]} 8. Nxe5
{[%clk 1:26:19]} Nxe5 {[%clk 1:27:45]} 9. Bxe5 {[%clk 1:26:23]} Bxd2+ 10. Qxd2
{[%clk 1:24:42]} Qxe5 {[%clk 1:27:56]} 11. e3 {[%clk 1:23:52]} d6
{[%clk 1:27:58]} 12. Bd3 {[%clk 1:24:02]} O-O {[%clk 1:27:36]} 13. O-O
{[%clk 1:22:30]} b6 {[%clk 1:27:47]} 14. Qc2 g6 {[%clk 1:26:44]} 15. Be4
{[%clk 1:20:41]} Rb8 {[%clk 1:26:50]} 16. Rfd1 {[%clk 1:09:40]} f5 17. Bd5+
{[%clk 1:08:58]} Kg7 {[%clk 1:26:21]} 18. Rac1 {[%clk 1:06:54]} f4
{[%clk 1:21:30]} 19. exf4 Qxf4 {[%clk 1:10:12]} 20. Bf3 {[%clk 1:03:42]} Bd7
{[%clk 1:07:58]} 21. Qc3+ {[%clk 1:02:59]} Qf6 {[%clk 1:04:44]} 22. Qxf6+
{[%clk 1:00:34]} Kxf6 {[%clk 1:04:23]} 23. b4 {[%clk 0:57:17]} Rfe8
{[%clk 0:58:29]} 24. c5 {[%clk 0:57:22]} bxc5 {[%clk 0:58:08]} 25. bxc5
{[%clk 0:53:12]} Ba4 {[%clk 0:54:07]} 26. Rxd6+ cxd6 0-1

[Event "MPA 1820 2024"]
[Site "Sianozety"]
[Date "2024.04.12"]
[Round "1.10"]
[White "Adamowicz, Michal"]
[Black "Sidorowicz, Marcin"]
[Result "1-0"]
[BlackElo "1605"]
[WhiteElo "1741"]
[LiveChessVersion "1.4.4"]

1. e4 {[%clk 1:30:57]} Nc6 {[%clk 1:28:25]} 2. d4 {[%clk 1:29:10]} e5
{[%clk 1:28:50]} 3. d5 {[%clk 1:27:01]} Nce7 {[%clk 1:29:15]} 4. Nf3
{[%clk 1:27:13]} Ng6 {[%clk 1:29:41]} 5. h4 {[%clk 1:27:38]} Bc5 {[%clk 1:00:13]}
6. h5 {[%clk 1:25:44]} Nf4 {[%clk 1:00:38]} 7. g3 {[%clk 1:25:23]} Nf6
{[%clk 0:54:33]} 8. gxf4 {[%clk 1:21:39]} Nxe4 {[%clk 0:54:54]} 9. Be3
{[%clk 1:21:06]} Bxe3 {[%clk 0:52:18]} 10. fxe3 {[%clk 1:21:27]} exf4
{[%clk 0:52:06]} 11. Qd4 {[%clk 1:14:55]} Qe7 {[%clk 0:42:23]} 12. h6
{[%clk 1:06:22]} f6 {[%clk 0:33:33]} 13. hxg7 {[%clk 1:04:28]} Rg8
{[%clk 0:33:52]} 14. Bd3 {[%clk 1:03:23]} Ng3 {[%clk 0:31:57]} 15. Rxh7
{[%clk 1:02:41]} fxe3 {[%clk 0:31:08]} 16. Bg6+ {[%clk 1:02:33]} Kd8
{[%clk 0:30:56]} 17. Rh8 {[%clk 1:02:20]} 1-0

[Event "MPA 1820 2024"]
[Site "Sianozety"]
[Date "2024.04.12"]
[Round "2.1"]
[White "Pierzak, Rafael"]
[Black "Stepien, Janusz"]
[Result "1/2-1/2"]
[BlackElo "1732"]
[WhiteElo "1819"]
[LiveChessVersion "1.4.4"]

1. e4 {[%clk 1:30:56]} e6 {[%clk 1:30:46]} 2. d3 {[%clk 1:30:52]} d5
{[%clk 1:30:52]} 3. Nd2 {[%clk 1:31:19]} Nf6 {[%clk 1:30:16]} 4. Ngf3
{[%clk 1:31:21]} Be7 {[%clk 1:29:07]} 5. g3 {[%clk 1:31:41]} c5 {[%clk 1:28:27]}
6. c3 {[%clk 1:31:41]} Nc6 {[%clk 1:27:53]} 7. Bg2 {[%clk 1:32:03]} O-O
{[%clk 1:25:49]} 8. O-O {[%clk 1:32:24]} Re8 {[%clk 1:22:09]} 9. Re1
{[%clk 1:32:28]} Qb6 {[%clk 1:17:30]} 10. Qc2 {[%clk 1:19:21]} dxe4
{[%clk 0:55:45]} 11. dxe4 {[%clk 1:18:46]} h6 {[%clk 0:44:06]} 12. Nc4
{[%clk 1:14:56]} Qa6 {[%clk 0:41:05]} 13. Bf1 {[%clk 1:06:52]} b5
{[%clk 0:39:27]} 14. Ne3 {[%clk 1:01:56]} Qb6 {[%clk 0:31:23]} 15. a4
{[%clk 0:49:43]} Ba6 {[%clk 0:29:03]} 16. axb5 {[%clk 0:48:30]} Bxb5
{[%clk 0:29:21]} 17. Nc4 {[%clk 0:48:07]} Qb7 {[%clk 0:27:38]} 18. Bf4
{[%clk 0:43:21]} Red8 {[%clk 0:22:28]} 19. Nfd2 {[%clk 0:37:54]} a6
{[%clk 0:15:42]} 20. h3 {[%clk 0:33:56]} Nh5 {[%clk 0:09:29]} 21. Be3
{[%clk 0:33:27]} Qc7 {[%clk 0:09:38]} 22. Kg2 {[%clk 0:26:33]} Ne5
{[%clk 0:08:34]} 23. Nxe5 {[%clk 0:21:29]} Bxf1+ {[%clk 0:08:09]} 24. Rxf1
{[%clk 0:21:37]} Qxe5 {[%clk 0:08:17]} 25. f4 {[%clk 0:21:31]} Qc7
{[%clk 0:07:44]} 26. e5 {[%clk 0:09:38]} g6 {[%clk 0:07:20]} 27. Qe4
{[%clk 0:08:59]} Rab8 {[%clk 0:06:18]} 28. Nc4 {[%clk 0:09:02]} Ng7
{[%clk 0:06:04]} 29. g4 {[%clk 0:09:04]} Ra8 {[%clk 0:05:16]} 30. Rfd1
{[%clk 0:08:37]} h5 {[%clk 0:04:33]} 31. Kg3 {[%clk 0:06:58]} f5 {[%clk 0:04:17]}
32. exf6 {[%clk 0:06:51]} Bxf6 {[%clk 0:04:24]} 33. Qxg6 {[%clk 0:07:05]} Rf8 34.
Rd6 {[%clk 0:04:11]} h4+ {[%clk 0:04:18]} 35. Kh2 {[%clk 0:04:07]} Be7
{[%clk 0:03:55]} 36. Rxe6 {[%clk 0:02:57]} Rxf4 {[%clk 0:03:11]} 37. Ne5
{[%clk 0:02:40]} Rf6 {[%clk 0:02:15]} 38. Rxf6 {[%clk 0:00:45]} Qxe5+
{[%clk 0:02:35]} 39. Rf4 {[%clk 0:01:05]} Qxe3 {[%clk 0:02:40]} 40. Raf1
{[%clk 0:00:55]} Qg3+ {[%clk 0:02:50]} 41. Kh1 {[%clk 0:01:20]} Qxh3+
{[%clk 0:03:03]} 42. Kg1 {[%clk 0:01:49]} Qg3+ {[%clk 0:03:24]} 43. Kh1 c4
{[%clk 0:03:24]} 44. R4f3 {[%clk 0:00:30]} 1/2-1/2

[Event "MPA 1820 2024"]
[Site "Sianozety"]
[Date "2024.04.12"]
[Round "2.2"]
[White "Szymkowiak, Damian"]
[Black "Bajno, Adam"]
[Result "1-0"]
[BlackElo "1731"]
[WhiteElo "1813"]
[LiveChessVersion "1.4.4"]

1. e4 {[%clk 1:30:57]} c6 {[%clk 1:30:07]} 2. d4 {[%clk 1:31:06]} d5
{[%clk 1:30:32]} 3. Nc3 {[%clk 1:25:43]} dxe4 {[%clk 1:30:59]} 4. Nxe4
{[%clk 1:25:56]} Nd7 {[%clk 1:31:27]} 5. Bd3 {[%clk 1:25:30]} Ngf6
{[%clk 1:31:55]} 6. Qe2 {[%clk 1:25:20]} Nxe4 {[%clk 1:31:12]} 7. Bxe4
{[%clk 1:25:35]} Nf6 {[%clk 1:31:37]} 8. c3 {[%clk 1:24:29]} Nxe4
{[%clk 1:31:53]} 9. Qxe4 {[%clk 1:24:50]} Qd5 {[%clk 1:32:20]} 10. Qxd5
{[%clk 1:23:05]} cxd5 {[%clk 1:32:49]} 11. Nf3 {[%clk 1:22:56]} f6
{[%clk 1:32:43]} 12. O-O {[%clk 1:22:29]} Bg4 {[%clk 1:33:08]} 13. Nd2
{[%clk 1:22:46]} Kf7 {[%clk 1:29:15]} 14. Re1 {[%clk 1:22:55]} Re8
{[%clk 1:25:09]} 15. f3 {[%clk 1:21:27]} Bh5 {[%clk 1:24:55]} 16. h4
{[%clk 1:21:00]} Bg6 {[%clk 1:24:18]} 17. Nf1 {[%clk 1:20:19]} e5
{[%clk 1:01:09]} 18. dxe5 {[%clk 1:18:31]} fxe5 {[%clk 1:00:32]} 19. Be3
{[%clk 1:18:35]} a6 {[%clk 1:00:50]} 20. Rad1 {[%clk 1:18:36]} Ke6
{[%clk 0:55:43]} 21. Ng3 {[%clk 1:12:49]} Bd6 {[%clk 0:34:03]} 22. f4
{[%clk 1:08:22]} e4 {[%clk 0:31:05]} 23. f5+ {[%clk 1:08:32]} Bxf5
{[%clk 0:30:40]} 24. Nxf5 {[%clk 1:07:23]} Kxf5 {[%clk 0:31:07]} 25. Rxd5+
{[%clk 1:07:20]} Ke6 {[%clk 0:31:23]} 26. Rd2 {[%clk 0:47:59]} Bg3
{[%clk 0:25:16]} 27. Bf2 {[%clk 0:44:45]} Bxf2+ {[%clk 0:25:23]} 28. Kxf2
{[%clk 0:44:57]} Rhf8+ {[%clk 0:24:08]} 29. Ke3 {[%clk 0:45:11]} Ke5
{[%clk 0:14:15]} 30. Red1 {[%clk 0:44:50]} Rf6 {[%clk 0:07:04]} 31. Rd4
{[%clk 0:42:13]} Kf5 {[%clk 0:03:24]} 32. Rd5+ {[%clk 0:39:59]} Re5
{[%clk 0:01:57]} 33. g4+ {[%clk 0:28:59]} Ke6 {[%clk 0:02:19]} 34. Rd6+
{[%clk 0:29:12]} Kf7 {[%clk 0:02:02]} 35. Rxf6+ {[%clk 0:28:58]} Kxf6
{[%clk 0:01:56]} 36. Rd6+ {[%clk 0:27:35]} Ke7 {[%clk 0:01:23]} 37. Rd4
{[%clk 0:27:54]} Ra5 {[%clk 0:01:20]} 38. Rxe4+ {[%clk 0:28:06]} Kd7
{[%clk 0:01:28]} 39. a4 {[%clk 0:22:45]} g5 {[%clk 0:01:16]} 40. h5
{[%clk 0:22:37]} b5 {[%clk 0:01:31]} 41. Re5 {[%clk 0:21:18]} h6 {[%clk 0:01:11]}
42. axb5 {[%clk 0:21:37]} axb5 {[%clk 0:01:36]} 43. b4 {[%clk 0:20:33]} Ra3
{[%clk 0:00:53]} 44. Kd4 {[%clk 0:19:54]} Ra1 {[%clk 0:01:06]} 45. Rxb5
{[%clk 0:17:57]} Rg1 {[%clk 0:01:20]} 46. Rd5+ {[%clk 0:17:47]} Kc7
{[%clk 0:01:11]} 47. Kc5 {[%clk 0:17:19]} Rxg4 {[%clk 0:01:27]} 48. Rf5
{[%clk 0:16:57]} Rh4 {[%clk 0:01:27]} 49. Rf7+ {[%clk 0:17:18]} Kb8
{[%clk 0:01:45]} 50. b5 {[%clk 0:15:48]} Rxh5 {[%clk 0:00:52]} 51. Kb6
{[%clk 0:15:20]} Kc8 {[%clk 0:01:04]} 52. Kc6 {[%clk 0:15:32]} Kd8
{[%clk 0:01:23]} 53. c4 {[%clk 0:14:49]} g4 {[%clk 0:01:21]} 54. b6
{[%clk 0:14:55]} Rg5 {[%clk 0:01:21]} 55. b7 {[%clk 0:14:19]} Rg6+
{[%clk 0:01:32]} 56. Kb5 {[%clk 0:14:36]} Ke8 {[%clk 0:01:56]} 57. Rh7
{[%clk 0:14:42]} 1-0

[Event "MPA 1820 2024"]
[Site "Sianozety"]
[Date "2024.04.12"]
[Round "2.3"]
[White "Przytocki, Bartosz"]
[Black "Czepczynski, Boguslaw"]
[Result "0-1"]
[BlackElo "1771"]
[WhiteElo "1651"]
[LiveChessVersion "1.4.4"]

1. d4 g6 {[%clk 1:30:52]} 2. e4 {[%clk 1:31:18]} Bg7 {[%clk 1:31:16]} 3. Nc3
{[%clk 1:31:28]} d6 {[%clk 1:31:32]} 4. f4 {[%clk 1:31:21]} Nf6 {[%clk 1:31:33]}
5. Nf3 {[%clk 1:31:32]} O-O {[%clk 1:31:37]} 6. Bd3 {[%clk 1:30:35]} c5
{[%clk 1:31:42]} 7. dxc5 {[%clk 1:29:19]} dxc5 {[%clk 1:32:07]} 8. e5
{[%clk 1:29:31]} Nd5 {[%clk 1:31:02]} 9. Nxd5 {[%clk 1:29:42]} Qxd5
{[%clk 1:30:56]} 10. Qe2 {[%clk 1:30:00]} Qc6 {[%clk 1:25:40]} 11. O-O
{[%clk 1:27:28]} Qb6 {[%clk 1:21:45]} 12. Kh1 {[%clk 1:06:32]} Qc7
{[%clk 1:17:10]} 13. Bd2 {[%clk 0:48:22]} Nc6 {[%clk 1:15:38]} 14. c3
{[%clk 0:40:14]} Bg4 {[%clk 1:13:08]} 15. Rae1 {[%clk 0:32:43]} Rad8
{[%clk 1:12:10]} 16. h3 {[%clk 0:32:19]} Qd7 {[%clk 1:09:46]} 17. hxg4
{[%clk 0:27:18]} Qxd3 {[%clk 1:08:56]} 18. Qf2 {[%clk 0:24:08]} b6
{[%clk 1:06:46]} 19. Bc1 {[%clk 0:21:27]} Qc4 {[%clk 1:04:47]} 20. f5
{[%clk 0:20:36]} Qxg4 {[%clk 1:04:13]} 21. f6 {[%clk 0:13:53]} exf6
{[%clk 1:01:54]} 22. exf6 {[%clk 0:14:10]} Qh5+ {[%clk 1:01:26]} 23. Nh2
{[%clk 0:12:58]} Bh6 {[%clk 1:00:23]} 24. Bxh6 {[%clk 0:12:08]} Qxh6
{[%clk 1:00:47]} 25. Re3 {[%clk 0:12:01]} Qg5 {[%clk 0:59:13]} 26. Rg3
{[%clk 0:10:01]} Qd2 {[%clk 0:56:57]} 27. Qf3 {[%clk 0:07:09]} Ne5
{[%clk 0:46:04]} 28. Qh5 {[%clk 0:07:30]} Nd3 29. Qd1 {[%clk 0:00:33]} Qxd1
{[%clk 0:03:22]} 0-1

[Event "MPA 1820 2024"]
[Site "Sianozety"]
[Date "2024.04.12"]
[Round "2.4"]
[White "Mencfel, Artur"]
[Black "Warsinski, Pawel"]
[Result "1-0"]
[BlackElo "1701"]
[WhiteElo "1757"]
[LiveChessVersion "1.4.4"]

1. d4 {[%clk 1:30:57]} Nf6 {[%clk 1:30:54]} 2. Bf4 {[%clk 1:31:23]} d5
{[%clk 1:30:55]} 3. Nc3 {[%clk 1:31:43]} c6 {[%clk 1:30:52]} 4. e3
{[%clk 1:32:08]} Bf5 {[%clk 1:30:42]} 5. Nf3 {[%clk 1:32:29]} e6 {[%clk 1:30:58]}
6. Ne5 {[%clk 1:32:52]} Nbd7 {[%clk 1:30:27]} 7. g4 {[%clk 1:33:15]} Bg6
{[%clk 1:28:41]} 8. h4 {[%clk 1:33:37]} h6 {[%clk 1:24:42]} 9. Nxg6
{[%clk 1:34:01]} fxg6 {[%clk 1:25:06]} 10. Bd3 {[%clk 1:34:28]} Bb4
{[%clk 1:21:36]} 11. Bxg6+ {[%clk 1:34:45]} Ke7 {[%clk 1:21:29]} 12. Qd2
{[%clk 1:32:59]} Nxg4 {[%clk 1:19:10]} 13. Nxd5+ {[%clk 1:33:17]} exd5
{[%clk 1:17:52]} 14. Qxb4+ {[%clk 1:33:42]} Ke6 {[%clk 1:17:03]} 15. Qd6#
{[%clk 1:33:35]} 1-0

[Event "MPA 1820 2024"]
[Site "Sianozety"]
[Date "2024.04.12"]
[Round "2.5"]
[White "Nowak, Dominik"]
[Black "Haluja, Wiktor"]
[Result "1/2-1/2"]
[BlackElo "1756"]
[WhiteElo "1590"]
[LiveChessVersion "1.4.4"]

1. c4 {[%clk 1:30:58]} e5 {[%clk 1:30:56]} 2. g3 {[%clk 1:31:23]} Nc6
{[%clk 1:31:08]} 3. Bg2 {[%clk 1:31:47]} Bc5 {[%clk 1:31:28]} 4. Nc3
{[%clk 1:31:59]} a6 {[%clk 1:30:59]} 5. e3 {[%clk 1:31:16]} d6 {[%clk 1:31:22]}
6. Nge2 {[%clk 1:31:17]} Ba7 {[%clk 1:29:42]} 7. a3 {[%clk 1:30:52]} h5
{[%clk 1:26:23]} 8. h3 {[%clk 1:27:39]} Nge7 {[%clk 1:24:43]} 9. d4
{[%clk 1:24:10]} h4 {[%clk 1:21:05]} 10. g4 {[%clk 1:22:45]} O-O {[%clk 1:09:15]}
11. b4 {[%clk 1:14:09]} Re8 {[%clk 1:03:50]} 12. d5 {[%clk 1:08:44]} Nb8
{[%clk 1:03:36]} 13. e4 {[%clk 1:08:00]} Ng6 {[%clk 0:59:15]} 14. Qd3
{[%clk 1:01:50]} a5 15. b5 Nd7 {[%clk 0:50:21]} 16. Na4 {[%clk 0:52:57]} Qf6
{[%clk 0:46:38]} 17. Be3 {[%clk 0:50:41]} Nf4 {[%clk 0:45:40]} 18. Bxf4
{[%clk 0:46:42]} exf4 {[%clk 0:46:03]} 19. Qc3 {[%clk 0:39:32]} Ne5
{[%clk 0:41:02]} 20. f3 {[%clk 0:37:55]} Be3 {[%clk 0:34:44]} 21. Rb1 Bd7
{[%clk 0:27:19]} 22. Kd1 {[%clk 0:34:10]} b6 {[%clk 0:25:06]} 23. Kc2
{[%clk 0:30:47]} g6 {[%clk 0:23:51]} 24. Nb2 {[%clk 0:29:42]} Qg5
{[%clk 0:23:24]} 25. Nd3 {[%clk 0:27:47]} f5 26. Rbf1 {[%clk 0:24:20]} Re7
{[%clk 0:18:32]} 27. Nxe5 Rxe5 {[%clk 0:16:25]} 28. Qd3 {[%clk 0:22:44]} Kh7
{[%clk 0:15:34]} 29. Nc3 {[%clk 0:22:10]} Kh6 {[%clk 0:15:10]} 30. a4
{[%clk 0:21:51]} Rae8 31. Kb3 {[%clk 0:20:37]} R8e7 {[%clk 0:14:42]} 32. Ka2 Re8
{[%clk 0:12:09]} 33. Kb3 {[%clk 0:19:50]} Qf6 {[%clk 0:10:50]} 34. Kc2
{[%clk 0:17:57]} R5e7 {[%clk 0:10:09]} 35. Rd1 Bc5 {[%clk 0:09:25]} 36. Rhf1
{[%clk 0:17:12]} fxg4 37. hxg4 {[%clk 0:17:21]} g5 {[%clk 0:06:39]} 38. Bh3
{[%clk 0:16:52]} Qe5 {[%clk 0:06:06]} 39. Kb3 Qf6 40. Kc2 Qe5 41. Kb3 Bb4 42. Kc2
Bc5 1/2-1/2

[Event "MPA 1820 2024"]
[Site "Sianozety"]
[Date "2024.04.12"]
[Round "2.6"]
[White "Kupiak, Sylwester"]
[Black "Hombek, Mariusz"]
[Result "1-0"]
[BlackElo "1531"]
[WhiteElo "1747"]
[LiveChessVersion "1.4.4"]

1. e4 {[%clk 1:30:59]} d6 {[%clk 1:30:57]} 2. d4 {[%clk 1:31:15]} Nf6
{[%clk 1:31:19]} 3. Nc3 {[%clk 1:30:54]} g6 {[%clk 1:31:39]} 4. h3
{[%clk 1:31:02]} Bg7 {[%clk 1:30:40]} 5. Be3 {[%clk 1:31:04]} c6 {[%clk 1:30:36]}
6. Nf3 {[%clk 1:31:10]} O-O {[%clk 1:30:11]} 7. Be2 {[%clk 1:31:08]} Qc7
{[%clk 1:29:06]} 8. O-O {[%clk 1:31:24]} b5 {[%clk 1:23:23]} 9. a3
{[%clk 1:30:41]} Nbd7 {[%clk 1:19:35]} 10. Qd2 {[%clk 1:30:51]} Bb7
{[%clk 1:17:37]} 11. Rad1 {[%clk 1:30:57]} a5 {[%clk 1:16:24]} 12. a4
{[%clk 1:27:58]} b4 {[%clk 1:15:47]} 13. Nb1 {[%clk 1:26:48]} Nxe4
{[%clk 1:15:54]} 14. Qc1 {[%clk 1:26:55]} Nb6 {[%clk 1:07:13]} 15. b3
{[%clk 1:26:57]} Nd5 {[%clk 1:05:53]} 16. Bd3 {[%clk 1:25:42]} Nec3
{[%clk 1:00:38]} 17. Nxc3 {[%clk 1:25:46]} Nxc3 {[%clk 1:01:00]} 18. Rde1
{[%clk 1:25:51]} c5 {[%clk 1:00:30]} 19. dxc5 {[%clk 1:24:14]} dxc5
{[%clk 0:55:00]} 20. Nd2 {[%clk 1:24:13]} Qc6 {[%clk 0:54:21]} 21. f3
{[%clk 1:24:01]} Na2 {[%clk 0:52:43]} 22. Qb1 {[%clk 1:23:35]} Nc3
{[%clk 0:53:09]} 23. Qc1 {[%clk 1:23:46]} Qc7 {[%clk 0:46:11]} 24. Nc4
{[%clk 1:21:41]} Nd5 {[%clk 0:43:01]} 25. Bf2 {[%clk 1:19:47]} Bc3
{[%clk 0:41:44]} 26. Rd1 {[%clk 1:19:13]} Nf4 {[%clk 0:42:01]} 27. Qe3
{[%clk 1:13:56]} Bd4 28. Qd2 {[%clk 1:12:45]} Bxf2+ {[%clk 0:34:16]} 29. Qxf2
{[%clk 1:12:25]} Bc8 {[%clk 0:34:25]} 30. Kh1 {[%clk 1:12:10]} Nh5
{[%clk 0:34:41]} 31. Rfe1 {[%clk 1:12:06]} Ng3+ {[%clk 0:33:23]} 32. Kg1
{[%clk 1:12:23]} Bf5 {[%clk 0:32:05]} 33. Re5 {[%clk 1:12:13]} Bxd3
{[%clk 0:30:04]} 34. Rxd3 {[%clk 1:12:28]} Nh5 {[%clk 0:27:00]} 35. Rxc5 Qb7
{[%clk 0:24:26]} 36. Nxa5 {[%clk 1:10:18]} Qb8 {[%clk 0:22:55]} 37. Nc6
{[%clk 1:09:42]} Qb7 {[%clk 0:22:44]} 38. Qd4 {[%clk 1:09:12]} Nf6
{[%clk 0:22:10]} 39. Qxb4 {[%clk 1:09:02]} Qc7 {[%clk 0:22:12]} 40. Qd4
{[%clk 1:07:41]} Ra6 {[%clk 0:21:25]} 41. Nb4 {[%clk 1:07:28]} Qg3
{[%clk 0:20:01]} 42. Nxa6 {[%clk 1:07:18]} Nh5 {[%clk 0:20:22]} 43. Rxh5
{[%clk 1:06:21]} Qe1+ {[%clk 0:20:37]} 44. Kh2 {[%clk 1:06:41]} gxh5
{[%clk 0:21:06]} 45. Qe3 {[%clk 1:05:21]} Qh4 {[%clk 0:20:57]} 46. Rd5
{[%clk 1:05:15]} Kh8 {[%clk 0:21:15]} 47. Qe5+ {[%clk 1:04:05]} f6
{[%clk 0:21:29]} 48. Qg3 {[%clk 1:02:21]} 1-0

[Event "MPA 1820 2024"]
[Site "Sianozety"]
[Date "2024.04.12"]
[Round "2.7"]
[White "Sarnik, Blazej"]
[Black "Adamowicz, Michal"]
[Result "0-1"]
[BlackElo "1741"]
[WhiteElo "1447"]
[LiveChessVersion "1.4.4"]

1. d4 {[%clk 1:30:57]} Nf6 {[%clk 1:30:53]} 2. c4 {[%clk 1:31:23]} c5
{[%clk 1:30:56]} 3. d5 {[%clk 1:31:45]} e6 {[%clk 1:31:19]} 4. Nc3
{[%clk 1:31:48]} exd5 {[%clk 1:31:43]} 5. cxd5 {[%clk 1:32:14]} d6
{[%clk 1:31:54]} 6. g3 {[%clk 1:32:12]} a6 {[%clk 1:31:29]} 7. a4
{[%clk 1:32:32]} g6 {[%clk 1:31:36]} 8. Nf3 {[%clk 1:32:37]} Bg7 {[%clk 1:31:40]}
9. Bg2 {[%clk 1:32:56]} O-O {[%clk 1:31:05]} 10. O-O {[%clk 1:33:09]} Nbd7
{[%clk 1:30:37]} 11. Bf4 {[%clk 1:32:48]} Qe7 {[%clk 1:29:13]} 12. e4
{[%clk 1:29:29]} Ng4 {[%clk 1:25:00]} 13. Qd2 {[%clk 1:27:25]} Rb8
{[%clk 1:13:45]} 14. Rfe1 {[%clk 1:19:33]} Nde5 {[%clk 1:04:19]} 15. Nxe5
{[%clk 1:07:43]} Nxe5 {[%clk 1:04:34]} 16. b3 {[%clk 1:06:55]} b5
{[%clk 0:57:34]} 17. axb5 {[%clk 1:07:00]} axb5 {[%clk 0:57:54]} 18. Ra2
{[%clk 1:03:28]} b4 {[%clk 0:53:42]} 19. Ne2 {[%clk 0:55:57]} c4 {[%clk 0:37:46]}
20. bxc4 {[%clk 0:55:39]} Nxc4 {[%clk 0:35:32]} 21. Qd3 {[%clk 0:49:10]} b3
{[%clk 0:30:21]} 22. Qxc4 {[%clk 0:48:04]} bxa2 {[%clk 0:30:41]} 23. Qxa2
{[%clk 0:48:19]} g5 {[%clk 0:30:49]} 24. Be3 {[%clk 0:47:15]} Rb2
{[%clk 0:29:55]} 25. Qc4 {[%clk 0:45:52]} Bd7 {[%clk 0:23:30]} 26. Nd4
{[%clk 0:43:59]} Rc8 {[%clk 0:20:24]} 27. Nc6 {[%clk 0:42:38]} Qe8
{[%clk 0:18:14]} 28. Rc1 {[%clk 0:42:17]} h6 {[%clk 0:13:43]} 29. f4
{[%clk 0:40:53]} Bxc6 {[%clk 0:09:43]} 30. dxc6 {[%clk 0:41:14]} gxf4
{[%clk 0:05:12]} 31. Bxf4 {[%clk 0:41:07]} Qe7 {[%clk 0:04:45]} 32. Bh3
{[%clk 0:40:35]} Qa7+ {[%clk 0:04:33]} 33. Kh1 {[%clk 0:38:15]} Qf2
{[%clk 0:04:43]} 34. g4 {[%clk 0:36:25]} Qf3+ {[%clk 0:02:17]} 35. Kg1
{[%clk 0:36:36]} Qxf4 {[%clk 0:02:27]} 36. Rc2 {[%clk 0:33:10]} Rb1+
{[%clk 0:02:35]} 37. Bf1 {[%clk 0:33:30]} Bd4+ {[%clk 0:01:34]} 38. Kg2
{[%clk 0:32:58]} Qxg4+ {[%clk 0:01:49]} 39. Kh1 {[%clk 0:33:14]} Qg1#
{[%clk 0:02:10]} 0-1

[Event "MPA 1820 2024"]
[Site "Sianozety"]
[Date "2024.04.12"]
[Round "2.8"]
[White "Klonowski, Arkadiusz"]
[Black "Siwek, Kornel"]
[Result "1-0"]
[BlackElo "1437"]
[WhiteElo "1734"]
[LiveChessVersion "1.4.4"]

1. Nf3 {[%clk 1:30:58]} d5 {[%clk 1:30:48]} 2. c4 {[%clk 1:31:18]} c6
{[%clk 1:31:10]} 3. d4 {[%clk 1:31:41]} Nf6 {[%clk 1:31:19]} 4. g3
{[%clk 1:32:06]} dxc4 {[%clk 1:28:55]} 5. Na3 {[%clk 1:31:52]} g6
{[%clk 1:26:26]} 6. Bg2 {[%clk 1:31:00]} Bg7 {[%clk 1:26:40]} 7. O-O
{[%clk 1:31:10]} Nbd7 {[%clk 1:26:45]} 8. Nxc4 {[%clk 1:30:22]} O-O
{[%clk 1:25:43]} 9. b3 {[%clk 1:28:43]} Nb6 {[%clk 1:25:10]} 10. Nce5
{[%clk 1:28:46]} Bf5 {[%clk 1:15:50]} 11. Ba3 {[%clk 1:25:49]} Nfd7
{[%clk 1:07:06]} 12. Rc1 {[%clk 1:24:41]} Nxe5 {[%clk 1:03:30]} 13. Nxe5
{[%clk 1:24:46]} Nd7 {[%clk 0:57:42]} 14. e4 {[%clk 1:22:00]} Nxe5
{[%clk 0:53:15]} 15. exf5 {[%clk 1:21:57]} Nd7 {[%clk 0:52:12]} 16. fxg6
{[%clk 1:20:35]} hxg6 {[%clk 0:52:40]} 17. d5 {[%clk 1:19:49]} c5
{[%clk 0:46:32]} 18. Rc2 {[%clk 1:08:28]} Qa5 {[%clk 0:43:26]} 19. Bc1
{[%clk 1:08:28]} Nf6 {[%clk 0:39:30]} 20. Qe1 {[%clk 1:05:24]} Qc7
{[%clk 0:35:32]} 21. Ba3 {[%clk 0:59:49]} b6 {[%clk 0:31:23]} 22. d6
{[%clk 0:57:14]} exd6 {[%clk 0:31:51]} 23. Bxa8 {[%clk 0:57:36]} Rxa8
{[%clk 0:30:12]} 24. Qd2 {[%clk 0:55:21]} Ne4 {[%clk 0:30:28]} 25. Qd5 Re8 26.
Re2 {[%clk 0:48:32]} Nf6 {[%clk 0:30:47]} 27. Rxe8+ {[%clk 0:48:55]} Nxe8
{[%clk 0:31:16]} 28. Qa8 {[%clk 0:49:03]} Qe7 {[%clk 0:28:07]} 29. Bc1
{[%clk 0:47:12]} Bc3 {[%clk 0:25:24]} 30. Bf4 {[%clk 0:39:19]} Kg7
{[%clk 0:25:20]} 31. h4 {[%clk 0:38:15]} Nf6 {[%clk 0:16:45]} 32. Bg5
{[%clk 0:38:19]} Qd7 {[%clk 0:16:11]} 33. Bxf6+ {[%clk 0:37:18]} Bxf6
{[%clk 0:16:40]} 34. Qd5 {[%clk 0:37:01]} Bd4 {[%clk 0:16:24]} 35. Re1
{[%clk 0:36:28]} Be5 {[%clk 0:13:38]} 36. Rxe5 {[%clk 0:36:39]} Qc7
{[%clk 0:12:37]} 37. Re3 1-0